[Event "GER-chT U20 Girls"]
[Site "Osnabrueck"]
[Date "2012.12.29"]
[Round "5.4"]
[White "Buettner, Sarah"]
[Black "Goerisch, Annika"]
[Result "1-0"]
[WhiteElo "1461"]
[BlackElo "825"]
[PlyCount "65"]
[EventDate "2012.12.27"]
[EventType "team-swiss"]
[EventRounds "7"]
[EventCountry "GER"]
[SourceTitle "EXT 2014"]
[Source "ChessBase"]
[SourceDate "2013.11.20"]
[SourceVersion "1"]
[SourceVersionDate "2013.11.20"]
[SourceQuality "1"]
[WhiteTeam "Dortmund 1875"]
[BlackTeam "Rossdorf"]
[WhiteTeamCountry "GER"]
[BlackTeamCountry "GER"]

1. d4 d5 2. c4 dxc4 3. a4 Nf6 4. Bg5 g6 5. Bxf6 exf6 6. Nc3 Bg7 7. e3 f5 8. Bxc4 0-0 9. Nf3 Nc6 10. 0-0 b6 11. Rc1 Bb7 12. Bd5 Ba6 13. Bxc6 Bxf1 14. Bxa8 Qxa8 15. Kxf1 a5 16. Qb3 Qa6+ 17. Qb5 Qb7 18. Nd5 Kh8 19. Rxc7 Qb8 20. Qxb6 Qxb6 21. Nxb6 h5 22. Ng5 Kg8 23. Nf3 Rb8 24. Rc8+ Rxc8 25. Nxc8 Bf6 26. Ke2 Bd8 27. Ne5 Bc7 28. h3 Kf8 29. Na7 Ke7 30. Kd3 Ke6 31. Kc4 Bxe5 32. dxe5 Kxe5 33. Nc6+ 1-0

[Event "GER-chT U20 Girls"]
[Site "Osnabrueck"]
[Date "2012.12.27"]
[Round "2.4"]
[White "Schneider, Jana"]
[Black "Buettner, Sarah"]
[Result "1-0"]
[WhiteElo "1631"]
[BlackElo "1461"]
[PlyCount "37"]
[EventDate "2012.12.27"]
[EventType "team-swiss"]
[EventRounds "7"]
[EventCountry "GER"]
[SourceTitle "EXT 2014"]
[Source "ChessBase"]
[SourceDate "2013.11.20"]
[SourceVersion "1"]
[SourceVersionDate "2013.11.20"]
[SourceQuality "1"]
[WhiteTeam "Stetten"]
[BlackTeam "Dortmund 1875"]
[WhiteTeamCountry "GER"]
[BlackTeamCountry "GER"]

1. e4 e5 2. Nf3 Nc6 3. Bc4 Bc5 4. c3 Bb6 5. 0-0 Nf6 6. Re1 0-0 7. Bb3 d6 8. h3 h6 9. d3 a6 10. Nbd2 Ba7 11. Nf1 b5 12. d4 Bb7 13. Ng3 Re8 14. Qd3 Re7 15. Nf5 Rd7 16. N3h4 Ne7 17. Qg3 Nxf5 18. Nxf5 Nh5 19. Qg4 1-0

[Event "Dortmund Sparkassen op-B"]
[Site "Dortmund"]
[Date "2012.07.22"]
[Round "9"]
[White "Regber, Karl Heinz"]
[Black "Buettner, Sarah"]
[Result "0-1"]
[WhiteElo "1591"]
[BlackElo "1416"]
[PlyCount "58"]
[EventDate "2012.07.14"]
[EventType "swiss"]
[EventRounds "9"]
[EventCountry "GER"]
[SourceTitle "EXT 2014"]
[Source "ChessBase"]
[SourceDate "2013.11.20"]
[SourceVersion "1"]
[SourceVersionDate "2013.11.20"]
[SourceQuality "1"]

1. e4 e5 2. Nf3 Nc6 3. Bb5 a6 4. Ba4 Nf6 5. 0-0 b5 6. Bb3 Be7 7. Re1 0-0 8. d4 d6 9. h3 Bb7 10. c3 Na5 11. Bc2 Nc6 12. d5 Na5 13. b4 Nc4 14. Nbd2 Nxd2 15. Bxd2 Rc8 16. a4 c6 17. axb5 cxb5 18. Ra3 Nd7 19. Be3 Rc7 20. Bb3 Qc8 21. Ba2 Nb6 22. Re2 f5 23. Nxe5 fxe4 24. Nc6 Qf5 25. Bc1 Bg5 26. Rc2 h6 27. Bd2 Qxf2+ 28. Kh1 Be3 29. Bxe3 Qxe3 0-1

[Event "Dortmund Sparkassen op-B"]
[Site "Dortmund"]
[Date "2011.07.25"]
[Round "3"]
[White "Buettner, Sarah"]
[Black "Fistoul, Boris"]
[Result "0-1"]
[WhiteElo "1252"]
[BlackElo "1573"]
[PlyCount "70"]
[EventDate "2011.07.23"]
[EventType "swiss"]
[EventRounds "9"]
[EventCountry "GER"]
[SourceTitle "EXT 2013"]
[Source "ChessBase"]
[SourceDate "2012.11.22"]
[SourceVersion "1"]
[SourceVersionDate "2012.11.22"]
[SourceQuality "1"]

1. e4 e6 2. d4 b6 3. Nc3 Bb7 4. Bc4 Bb4 5. d5 Qh4 6. Qe2 exd5 7. Bxd5 c6 8. Bb3 Qe7 9. Bd2 Nf6 10. e5 Nd5 11. Bxd5 cxd5 12. Nf3 h6 13. a3 Bxc3 14. Bxc3 Na6 15. 0-0-0 0-0 16. Nd4 d6 17. exd6 Qxd6 18. Nf5 Qf4+ 19. Ne3 Rad8 20. Rd4 Qe5 21. Rxd5 Qe6 22. Rxd8 Rxd8 23. Kb1 Nc5 24. Rd1 Rc8 25. Bb4 Bxg2 26. Bxc5 Rxc5 27. Rd8+ Kh7 28. Qd3+ Be4 29. Qd1 Qf6 30. Rd4 Bg6 31. Qd2 Qc6 32. Rd8 Qh1+ 33. Ka2 Qxh2 34. Rd5 Rxd5 35. Qxd5 Qxf2 0-1

[Event "Dortmund Sparkassen op-B"]
[Site "Dortmund"]
[Date "2010.07.19"]
[Round "3"]
[White "Goldbeck, Daniel Ernst"]
[Black "Buettner, Sarah"]
[Result "1/2-1/2"]
[WhiteElo "1477"]
[BlackElo "1280"]
[PlyCount "27"]
[EventDate "2010.07.17"]
[EventType "swiss"]
[EventRounds "9"]
[EventCountry "GER"]
[SourceTitle "EXT 2014"]
[Source "ChessBase"]
[SourceDate "2013.11.20"]
[SourceVersion "1"]
[SourceVersionDate "2013.11.20"]
[SourceQuality "1"]

1. e4 e5 2. Nf3 Nc6 3. Bc4 Nf6 4. Ng5 d5 5. exd5 Nxd5 6. d4 exd4 7. c3 Qe7+ 8. Kf1 Be6 9. cxd4 0-0-0 10. Nc3 h6 11. Nge4 Nxc3 12. Bxe6+ Qxe6 13. Nxc3 Rxd4 14. Qf3 1/2-1/2

[Event "GER-chT U20 Girls "]
[Site "Chemnitz"]
[Date "2009.12.30"]
[Round "7.2"]
[White "Buettner, Sarah"]
[Black "Djalalova, Nigora"]
[Result "0-1"]
[WhiteElo "1326"]
[BlackElo "1984"]
[PlyCount "96"]
[EventDate "2009.12.27"]
[EventType "team-swiss"]
[EventRounds "7"]
[EventCountry "GER"]
[SourceTitle "EXT 2022"]
[Source "ChessBase"]
[SourceDate "2021.10.06"]
[SourceVersion "1"]
[SourceVersionDate "2021.10.06"]
[SourceQuality "1"]
[WhiteTeam "Dortmund SV U20 Girls"]
[BlackTeam "Stuttgart Wolfbusch U20 Girls"]
[WhiteTeamCountry "GER"]
[BlackTeamCountry "GER"]

1. e4 c5 2. Nf3 d6 3. d4 cxd4 4. Nxd4 Nf6 5. Nc3 Nc6 6. Bc4 e6 7. f3 Be7 8. Be3 0-0 9. Qd2 a6 10. 0-0-0 Ne5 11. Bb3 Qc7 12. g4 Rd8 13. h4 b5 14. h5 Nc4 15. Bxc4 Qxc4 16. g5 Ne8 17. g6 Bf6 18. h6 fxg6 19. hxg7 Bxg7 20. Bh6 Bxd4 21. Qxd4 Qxd4 22. Rxd4 Ra7 23. a3 Rf7 24. Rf1 Rdd7 25. Ne2 Bb7 26. Ng3 Bc6 27. Rd2 d5 28. e5 Ng7 29. Bxg7 Kxg7 30. b4 Ra7 31. Kb2 a5 32. c3 Be8 33. Rd4 Rfc7 34. Rf4 Ra8 35. Rd4 axb4 36. cxb4 Rac8 37. Rd2 Rc3 38. Ne2 Re3 39. f4 Kf7 40. Nd4 Rcc3 41. Ra1 h5 42. Rc1 Rxc1 43. Kxc1 Rc3+ 44. Kb2 Rc4 45. Ne2 Bd7 46. Rd4 h4 47. Rd3 Re4 48. Nc3 Rxf4 0-1

[Event "GER-chT U20 Girls "]
[Site "Chemnitz"]
[Date "2009.12.28"]
[Round "4.1"]
[White "Loesch, Caroline"]
[Black "Buettner, Sarah"]
[Result "1/2-1/2"]
[WhiteElo "1278"]
[BlackElo "1326"]
[PlyCount "77"]
[EventDate "2009.12.27"]
[EventType "team-swiss"]
[EventRounds "7"]
[EventCountry "GER"]
[SourceTitle "EXT 2022"]
[Source "ChessBase"]
[SourceDate "2021.10.06"]
[SourceVersion "1"]
[SourceVersionDate "2021.10.06"]
[SourceQuality "1"]
[WhiteTeam "Vaterstetten SC U20 Girls"]
[BlackTeam "Dortmund SV U20 Girls"]
[WhiteTeamCountry "GER"]
[BlackTeamCountry "GER"]

1. e4 e5 2. Nf3 Nc6 3. Bc4 Bc5 4. d3 Nf6 5. Bg5 h6 6. Be3 Bxe3 7. fxe3 d6 8. h3 Na5 9. Bb3 Nxb3 10. axb3 0-0 11. Nc3 Re8 12. 0-0 c6 13. d4 Qb6 14. Qd3 c5 15. dxe5 dxe5 16. Nd5 Qc6 17. Rad1 b5 18. Nxf6+ Qxf6 19. Qxb5 Ba6 20. Qxc5 Bxf1 21. Rxf1 Qe7 22. Qd5 Rac8 23. c4 Rb8 24. c5 Rb5 25. b4 Kh8 26. Qc4 Qb7 27. c6 Rxb4 28. Qc5 Qb6 29. Qd6 Qxe3+ 30. Kh1 Rxe4 31. Re1 Qf4 32. c7 Rxe1+ 33. Nxe1 Qf1+ 34. Kh2 Qxe1 35. Qd7 Rg8 36. c8Q Rxc8 37. Qxc8+ Kh7 38. Qf5+ Kg8 39. Qc8+ 1/2-1/2

[Event "Dortmund op-B"]
[Site "Dortmund"]
[Date "2009.07.12"]
[Round "9"]
[White "Wastian, Jan"]
[Black "Buettner, Sarah"]
[Result "1/2-1/2"]
[WhiteElo "1413"]
[BlackElo "1192"]
[PlyCount "81"]
[EventDate "2009.07.04"]
[EventType "swiss"]
[EventRounds "9"]
[EventCountry "GER"]
[SourceTitle "EXT 2012"]
[Source "ChessBase"]
[SourceDate "2011.11.24"]
[SourceVersion "1"]
[SourceVersionDate "2011.11.24"]
[SourceQuality "1"]

1. e4 e5 2. Nf3 Nc6 3. Bc4 Bc5 4. c3 Nf6 5. b4 Bb6 6. d3 0-0 7. b5 Ne7 8. Nxe5 d5 9. exd5 Nexd5 10. 0-0 Re8 11. d4 Be6 12. Nd2 Nxc3 13. Qb3 Bxd4 14. Bb2 Bxe5 15. Bxc3 Bxc3 16. Qxc3 Bxc4 17. Nxc4 Ne4 18. Qc2 Nd6 19. Rfd1 Qf6 20. Nxd6 cxd6 21. Qc7 b6 22. Qxd6 Qxd6 23. Rxd6 Rad8 24. Rxd8 Rxd8 25. Rc1 g6 26. Kf1 Rd2 27. a4 Rd4 28. Ra1 Kf8 29. a5 Rb4 30. axb6 axb6 31. Ra7 Rxb5 32. Ke2 Re5+ 33. Kf3 Re7 34. Ra6 Rb7 35. Ra4 b5 36. Rb4 Ke7 37. Ke4 Kd6 38. Kd4 Kc6 39. Rb2 Kd6 40. Rb4 Kc6 41. Rb2 1/2-1/2

[Event "Dortmund op-B"]
[Site "Dortmund"]
[Date "2009.07.08"]
[Round "5"]
[White "Buettner, Sarah"]
[Black "Schmidt, Martin"]
[Result "0-1"]
[WhiteElo "1192"]
[BlackElo "2107"]
[PlyCount "90"]
[EventDate "2009.07.04"]
[EventType "swiss"]
[EventRounds "9"]
[EventCountry "GER"]
[SourceTitle "EXT 2012"]
[Source "ChessBase"]
[SourceDate "2011.11.24"]
[SourceVersion "1"]
[SourceVersionDate "2011.11.24"]
[SourceQuality "1"]

1. d4 Nf6 2. c4 c5 3. e3 cxd4 4. exd4 g6 5. Nc3 Bg7 6. Nf3 0-0 7. Be2 d5 8. 0-0 Nc6 9. c5 b6 10. Bb5 Bd7 11. Bxc6 Bxc6 12. Ne5 Rc8 13. b4 bxc5 14. bxc5 Ne8 15. Re1 f6 16. Nxc6 Rxc6 17. Qf3 Nc7 18. Rb1 e5 19. Qe3 Ne6 20. Ne2 Qa5 21. Qc3 Qxc3 22. Nxc3 Nxd4 23. Nxd5 Rxc5 24. Ba3 Rxd5 25. Bxf8 Bxf8 26. Rb7 Bc5 27. Rb8+ Kg7 28. Rb7+ Kh6 29. Rf7 Rd6 30. Re4 Ne2+ 31. Kf1 Nf4 32. g3 Rd1+ 33. Re1 Rxe1+ 34. Kxe1 Nd3+ 35. Ke2 Nxf2 36. Rxf6 Bd4 37. g4 Nxg4 38. Rf1 Nf2 39. Kf3 e4+ 40. Ke2 e3 41. Kf3 g5 42. h3 Kh5 43. Rc1 g4+ 44. hxg4+ Nxg4 45. Rc4 Ne5+ 0-1

[Event "GER-chT U14 Girls"]
[Site "Stuttgart"]
[Date "2007.12.30"]
[Round "7.3"]
[White "Buettner, Sarah"]
[Black "Bartholomaeus, Louisa"]
[Result "1/2-1/2"]
[WhiteElo "814"]
[BlackElo "896"]
[PlyCount "84"]
[EventDate "2007.12.27"]
[EventType "team-swiss"]
[EventRounds "7"]
[EventCountry "GER"]
[SourceTitle "EXT 2009"]
[Source "ChessBase"]
[SourceDate "2008.11.26"]
[SourceVersion "1"]
[SourceVersionDate "2008.11.26"]
[SourceQuality "1"]
[WhiteTeam "Dortmund SV U14 Girls"]
[BlackTeam "Saalfeld U14 Girls"]
[WhiteTeamCountry "GER"]
[BlackTeamCountry "GER"]

1. e4 e5 2. Nf3 Nc6 3. Bb5 Nge7 4. 0-0 d6 5. Nc3 g6 6. d4 Bd7 7. d5 Na5 8. Bxd7+ Qxd7 9. b3 b6 10. Qd3 Bg7 11. Bg5 0-0 12. b4 Nb7 13. Qb5 Rfd8 14. Qxd7 Rxd7 15. Bxe7 Rxe7 16. a4 a5 17. bxa5 Rxa5 18. Ng5 Bh6 19. h4 Rc5 20. Nb5 Rxc2 21. Rac1 Rxc1 22. Rxc1 Nc5 23. Rc4 f6 24. Ne6 f5 25. f3 Be3+ 26. Kf1 Na6 27. Nbxc7 Nxc7 28. Rxc7 Rxc7 29. Nxc7 f4 30. Nb5 Bc5 31. Ke2 Kg7 32. Kf1 Kh6 33. g3 fxg3 34. Kg2 Kh5 35. Kxg3 g5 36. hxg5 Kxg5 37. Nc3 Be3 38. Ne2 h5 39. Kh3 h4 40. Kg2 Bf4 41. Kh3 Be3 42. Kg2 Bf4 1/2-1/2

[Event "GER-chT U14 Girls"]
[Site "Stuttgart"]
[Date "2007.12.29"]
[Round "6.3"]
[White "Pilat, Angelice"]
[Black "Buettner, Sarah"]
[Result "1/2-1/2"]
[WhiteElo "1056"]
[BlackElo "814"]
[PlyCount "110"]
[EventDate "2007.12.27"]
[EventType "team-swiss"]
[EventRounds "7"]
[EventCountry "GER"]
[SourceTitle "EXT 2009"]
[Source "ChessBase"]
[SourceDate "2008.11.26"]
[SourceVersion "1"]
[SourceVersionDate "2008.11.26"]
[SourceQuality "1"]
[WhiteTeam "Porta Westfalica U14 Girls"]
[BlackTeam "Dortmund SV U14 Girls"]
[WhiteTeamCountry "GER"]
[BlackTeamCountry "GER"]

1. e4 e5 2. Nf3 Nc6 3. Bb5 a6 4. Ba4 Nf6 5. 0-0 Be7 6. d3 b5 7. Bb3 0-0 8. Re1 d5 9. Bg5 dxe4 10. Bxf6 Bxf6 11. dxe4 Bg4 12. Bd5 Bxf3 13. Qxf3 Nd4 14. Qc3 Ra7 15. Nd2 Qd6 16. Nf3 b4 17. Qd3 c6 18. Bc4 Nxf3+ 19. Qxf3 a5 20. a4 Rd7 21. Rad1 Qe7 22. Rxd7 Qxd7 23. Qd1 Rd8 24. Be2 Qxd1 25. Rxd1 Rxd1+ 26. Bxd1 Kf8 27. Kf1 Ke7 28. Ke2 Kd6 29. Kd3 Kc5 30. c3 bxc3 31. Kxc3 Bg5 32. g3 Bh6 33. h4 g6 34. Kd3 f5 35. f3 g5 36. hxg5 Bxg5 37. exf5 Bf6 38. Ke4 Kd6 39. f4 exf4 40. Kxf4 h6 41. g4 Be5+ 42. Ke3 Bxb2 43. Kd3 Kd5 44. Ke3 Ke5 45. Kf3 c5 46. Ke3 c4 47. Bc2 c3 48. Kd3 Kd5 49. Ke3 Ke5 50. Kf3 Bc1 51. Kg3 Bg5 52. Kf3 Bc1 53. Kg3 Bg5 54. Kf3 Bc1 55. Kg3 Bg5 1/2-1/2